000 00543nam a22001815i 4500
999 _c10599
_d10599
003 OSt
005 20220408190506.0
008 170816s2017 ctu 000 0 eng
020 _a9781945150630 (soft cover : alk. paper)
042 _apcc
082 _a711.40981
100 1 _aBirmann, Ricardo.
245 1 0 _aParanoazinho :
_bcity-making beyond Brasilia /
_cRicardo Birmann, Rafael Birmann, Sunil Bald ; [edited by] Nina Rappaport, Apoorva Khanolkar.
263 _a1711
300 _apages cm
942 _2ddc